The Art and Science of Business Communication: (Record no. 203946)

MARC details
000 -LEADER
fixed length control field 00791nam a22002057a 4500
005 - DATE AND TIME OF LATEST TRANSACTION
control field 20240704120147.0
010 ## - LCCN (DPL NO)
LC control number ENG-140765
020 ## - INTERNATIONAL STANDARD BOOK NUMBER
Terms of availability 655.00
International Standard Book Number 9789361599668
035 ## - SYSTEM CONTROL NUMBER
System control number EN-124297
037 ## - SOURCE OF ACQUISITION
Source of stock number/acquisition DBAD
082 ## - DEWEY DECIMAL CLASSIFICATION NUMBER
Classification number 651.7
Edition number 5
100 ## - MAIN ENTRY--PERSONAL NAME
Personal name Chaturvedi, P.D.
245 ## - TITLE STATEMENT
Title The Art and Science of Business Communication:
Remainder of title Skills, Concepts, Cases, and Applications/
Statement of responsibility, etc by P.D. Chaturvedi and Mukesh Chaturvedi
250 ## - EDITION STATEMENT
Edition statement 5
260 ## - PUBLICATION, DISTRIBUTION, ETC. (IMPRINT)
Place of publication, distribution, etc Noida
Name of publisher, distributor, etc Pearson India Education Services Pvt. Ltd
Date of publication, distribution, etc 2024
270 ## - ADDRESS
Address 1st Floor, Berger Tower, Plot No. C-001A/2 Sector 16B
City Noida (U.P.)
Postal code 201301
Telephone number 04466540100
Electronic mail address companysecretary.india@pearson.com
300 ## - PHYSICAL DESCRIPTION
Extent xxix,496p.
Other physical details 25cm (Pb)
700 ## - ADDED ENTRY--PERSONAL NAME
Personal name Chaturvedi, Mukesh
Relator term Author
9 (RLIN) 68117
942 ## - ADDED ENTRY ELEMENTS (KOHA)
Source of classification or shelving scheme Dewey Decimal Classification
Item type English Books
Classification part 651.7
Call number suffix CHA
Edition 5
Holdings
Withdrawn status Lost status Not for loan Collection code Home library Current library Date acquired Source of acquisition Cost, normal purchase price Full call number Barcode Copy number Cost, replacement price Koha item type
      Non-fiction Central Jail Tihar Central Jail Tihar 04/07/2024 DBAD 655.00 651.7 CHA EN-124297 1 655.00 English Books

© Delhi Public Library
Hit Counter
free hit counter